00571 2200193 4500001002100000005001500021035002000036007000300056008003900059082001000098084001700108100001800125245011700143260004100260300004200301650001100343650001000354022001300364INLIS00000000000094720240909090733 a0010-0924000025ta240909 | | |  a635.6 a635.6 RAF t0 aRafal Kukawka1 aThe Biostimulation Activity of Two Novel Benzothiadiazole Derivatives in the Tomato Cultivation /cRafal Kukawka aSwitzerland, Basel :bMDPI AG,c2024 a1-19 hlm, :bilus, ;c21 cm X 29,5 cm 4aJurnal 4aTomat a20711050